000
00258nam a22001217a 4500
008
170202b xxu||||| |||| 00| 0 eng d
041
_a
eng
080
_2
17th
_a
61
100
_a
3
101
_a
SHM
245
_a
THE MERCK MANUAL
_c
BEERS, M.H
942
_2
udc
_c
BK
999
_c
4236
_d
4236